| 000 | 00470nam a2200181 a 4500 | ||
|---|---|---|---|
| 001 | 77 | ||
| 003 | CO-ViMGA | ||
| 008 | 141112s2004 ck r 000 u spa d | ||
| 040 |
_aCO-ViMGA _bspa _cCO-ViMGA |
||
| 082 | 0 | 4 | _a863.3 P45r |
| 100 | 1 | _aPiñon, Nelida | |
| 245 | 1 | 0 |
_aLa república de los sueños / _cNelida Piñon |
| 260 |
_aSantafé de Bogotá : _bNorma, _c1991 |
||
| 300 | _a831 p | ||
| 490 | _aLa otra orilla | ||
| 650 | 1 | 4 | _aNOVELA BRASILEÑA |
| 942 |
_2ddc _cBK |
||
| 999 |
_c12329 _d12329 |
||